00361nam a2200121Ia 4500008004100000020002200041041000800063082002800071100003400099245006000133260003700193300000900230230411s9999 xx 000 0 und d a978-81-8448-210-2 aeng aAD/610.7/MOY/WIT/B06071 aMoyer Barbara & Wittmann Ruth aNursing Education : Foundations For Practice Excellence bJaypee BrothersaNew Delhic2008 a320p